Objavte svoje líderské zručnosti
Fungovanie a rola lídra, ktorá by mala byť v súlade s presvedčeniami a hodnotami vykonávanej pozície. Tvorba inšpiratívnej vízie a stratégie. Ako sa vypracovať na lídra.
Enregistré dans:
| Auteur principal: | |
|---|---|
| Format: | Chapitre de livre |
| Langue: | slovaque |
| Sujets: | |
| Tags: |
Pas de tags, Soyez le premier à ajouter un tag!
|
MARC
| LEADER | 00000naa a2200000 4500 | ||
|---|---|---|---|
| 001 | 0159813 | ||
| 005 | 20230912101549.9 | ||
| 041 | 0 | |a slo | |
| 044 | |a SK | ||
| 245 | 1 | 0 | |a Objavte svoje líderské zručnosti |c Ľubica Šebestová |
| 520 | |a Fungovanie a rola lídra, ktorá by mala byť v súlade s presvedčeniami a hodnotami vykonávanej pozície. Tvorba inšpiratívnej vízie a stratégie. Ako sa vypracovať na lídra. | ||
| 610 | 2 | 0 | |a manažéri |
| 610 | 2 | 0 | |a lídri |
| 610 | 2 | 0 | |a vodcovstvo |
| 610 | 2 | 0 | |a vedenie ľudí |
| 610 | 2 | 0 | |a metódy riadenia |
| 610 | 2 | 0 | |a komunikácia manažérska |
| 610 | 2 | 0 | |a riadenie podľa kompetencií |
| 100 | 1 | |a Šebestová, Ľubica | |